[Event "43rd Rubinstein Memorial"]
[Site "Polanica Zdroj POL"]
[Date "2007.08.25"]
[Round "8"]
[White "Atalik, Suat"]
[Black "Socko, Bartosz"]
[WhiteElo "2543"]
[BlackElo "2557"]
[Result "1/2-1/2"]
[EventDate "2007.08.18"]
[PlyCount "55"]
1. d4 Nf6 2. c4 e6 3. Nc3 Bb4 4. e3 c5 5. Bd3 O-O 6. Nf3 d5 7. O-O cxd4 8. exd4 dxc4 9. Bxc4 b6 10. Bd3 Bb7 11. Re1 Nc6 12. a3 Bxc3 13. bxc3 Ne7 14. Ne5 Ng6 15. Nxg6 hxg6 16. Bb2 Rc8 17. c4 Qd7 18. a4 Rfd8 19. a5 Ne8 20. Qg4 Nd6 21. d5 exd5 22. Qd4 f6 23. cxd5 Nf5 24. Qg4 Bxd5 25. axb6 axb6 26. Qxg6 Bf7 27. Qxf5 Qxd3 28. Qxd3 1/2-1/2

[Event "43rd Rubinstein Memorial"]
[Site "Polanica Zdroj POL"]
[Date "2007.08.25"]
[Round "8"]
[White "Buhmann, Rainer"]
[Black "Gajewski, Grzegorz"]
[WhiteElo "2444"]
[BlackElo "2344"]
[Result "1/2-1/2"]
[EventDate "2007.08.18"]
[PlyCount "120"]
1. Nf3 d5 2. d4 Nf6 3. c4 e6 4. Nc3 Bb4 5. Qa4+ Nc6 6. Bg5 h6 7. Bxf6 Qxf6 8. e3 O-O 9. Rc1 Qg6 10. Qc2 Qxc2 11. Rxc2 Rd8 12. a3 Bf8 13. Be2 a6 14. O-O Nb8 15. Rfc1 c6 16. Na4 Nd7 17. Ne5 Nxe5 18. dxe5 Bd7 19. Nb6 Rab8 20. Bg4 Be8 21. cxd5 exd5 22. Rd2 g6 23. f4 h5 24. Bh3 f6 25. exf6 Kf7 26. g4 hxg4 27. Bxg4 Kxf6 28. Kf2 Bd6 29. h4 Ke7 30. Kf3 Bf7 31. b4 Rh8 32. Nd7 Ra8 33. Nc5 Ra7 34. e4 dxe4+ 35. Nxe4 Bd5 36. Kg3 a5 37. Nxd6 Kxd6 38. b5 Raa8 39. Bf3 Rae8 40. Rd3 Rhf8 41. Rc4 Re3 42. Rxe3 Bxc4 43. bxc6 bxc6 44. Re5 Bd3 45. h5 gxh5 46. Rxh5 Bb5 47. Rh6+ Kc5 48. Be4 Rg8+ 49. Kf2 Rc8 50. Ke3 Kc4 51. Bf5 Re8+ 52. Be6+ Kc3 53. f5 c5 54. Ke4 c4 55. Kd5 Kb2 56. Kc5 Ba6 57. Kb6 Bc8 58. Bxc4 Bxf5 59. a4 Kc3 60. Bb5 Re6+ 1/2-1/2

[Event "43rd Rubinstein Memorial"]
[Site "Polanica Zdroj POL"]
[Date "2007.08.25"]
[Round "8"]
[White "Markowski, Tomasz"]
[Black "Bartel, Mateusz"]
[WhiteElo "2595"]
[BlackElo "2392"]
[Result "0-1"]
[EventDate "2007.08.18"]
[PlyCount "118"]
1. g3 g6 2. Bg2 Bg7 3. c4 e5 4. Nc3 Nc6 5. d3 d6 6. e3 Be6 7. Nd5 Qd7 8. Qa4 Nf6 9. Bd2 O-O 10. Rc1 a5 11. Qa3 Bxd5 12. cxd5 Ne7 13. Qb3 c6 14. dxc6 bxc6 15. Ne2 Nfd5 16. O-O Rfb8 17. Qa3 Nb4 18. d4 Qg4 19. f3 Qe6 20. dxe5 dxe5 21. Nc3 Bf8 22. Rb1 Ned5 23. Qb3 Nd3 24. Qc2 N5b4 25. Qa4 Nc5 26. Qd1 Nxa2 27. Nxa2 Qxa2 28. Bc3 Qe6 29. f4 Rd8 30. Qc2 e4 31. f5 gxf5 32. Bh3 Rd5 33. Qf2 Nd3 34. Bxf5 Nxf2 35. Bxe6 fxe6 36. Rxf2 Bc5 37. Kg2 Bxe3 38. Re2 Bd4 39. Rxe4 e5 40. Rf1 Rd7 41. Rc1 Rd6 42. Rc2 a4 43. Bb4 c5 44. Ba3 Kf7 45. Ree2 Rc6 46. Kf3 Ke6 47. Ke4 c4 48. Re1 Rb8 49. Ree2 Rb3 50. Bf8 c3 51. bxc3 Rc4 52. Kf3 Rbxc3+ 53. Rxc3 Rxc3+ 54. Kg4 Rc8 55. Ba3 Kd5 56. Kf5 Rc3 57. Be7 Rf3+ 58. Kg4 Rf7 59. Bd8 a3 0-1

[Event "43rd Rubinstein Memorial"]
[Site "Polanica Zdroj POL"]
[Date "2007.08.26"]
[Round "9"]
[White "Bartel, Mateusz"]
[Black "Atalik, Suat"]
[WhiteElo "2392"]
[BlackElo "2543"]
[Result "1-0"]
[EventDate "2007.08.18"]
[PlyCount "159"]
1. e4 e5 2. Nf3 Nc6 3. Bb5 a6 4. Ba4 Nf6 5. Qe2 Be7 6. c3 b5 7. Bb3 d6 8. O-O O-O 9. d4 Bg4 10. Rd1 Qc8 11. h3 Bh5 12. a4 Rb8 13. axb5 axb5 14. d5 Nd8 15. Ra7 Nxe4 16. Qxe4 Bg6 17. Qb4 Bxb1 18. Nxe5 Bf6 19. Nc6 Nxc6 20. dxc6 Re8 21. Be3 Bf5 22. Bd5 Qd8 23. Qa5 Re7 24. Rb7 Ra8 25. Qxb5 Qe8 26. Bxf7+ Rxf7 27. Qxf5 Bd4 28. Qd3 Bxe3 29. Qxe3 Qxc6 30. Rb4 Re8 31. Qd3 Qc5 32. Rd4 h6 33. Rd2 Re1+ 34. Kh2 Qe5+ 35. g3 Qe8 36. Qc4 Kh8 37. Qd5 Re5 38. Qg2 Re2 39. Rxe2 Qxe2 40. f4 Re7 41. Rd2 Qe1 42. Qf2 Qe4 43. Qf1 Kg8 44. Rf2 Kf7 45. Qd1 Ke8 46. Qh5+ Kf8 47. Qd1 d5 48. f5 c5 49. f6 gxf6 50. Rxf6+ Kg7 51. Rf2 d4 52. Qh5 Qe3 53. Qg4+ Kh7 54. Qf5+ Kg7 55. h4 Qe5 56. Qg4+ Kh7 57. cxd4 cxd4 58. Qf3 Qe4 59. Kg2 h5 60. Rd2 Qxf3+ 61. Kxf3 Re3+ 62. Kf4 Rb3 63. Rg2 d3 64. Rd2 Kg6 65. Ke4 Kf6 66. Kd4 Kf5 67. Kc4 Rb8 68. Kxd3 Kg4 69. Kc2 Rc8+ 70. Kb1 Kxg3 71. Rd4 Kf3 72. b3 Rg8 73. Kc2 Rg4 74. Kd3 Rg1 75. b4 Rb1 76. Kc4 Rc1+ 77. Kd5 Ke3 78. Rc4 Rb1 79. Kc5 Kd3 80. b5 1-0

[Event "43rd Rubinstein Memorial"]
[Site "Polanica Zdroj POL"]
[Date "2007.08.26"]
[Round "9"]
[White "Gajewski, Grzegorz"]
[Black "Markowski, Tomasz"]
[WhiteElo "2344"]
[BlackElo "2595"]
[Result "0-1"]
[EventDate "2007.08.18"]
[PlyCount "84"]
1. d4 d5 2. c4 dxc4 3. e4 Nf6 4. e5 Nd5 5. Bxc4 Nb6 6. Bd3 Nc6 7. Ne2 Bg4 8. f3 Bh5 9. Nbc3 e6 10. Be4 Bg6 11. O-O Be7 12. Be3 O-O 13. Bxc6 bxc6 14. Ne4 Nd5 15. Bf2 Qb8 16. Qc2 Qb5 17. N2c3 Nxc3 18. Qxc3 Rfb8 19. Rfc1 Rb6 20. a4 Qxb2 21. a5 Qxc3 22. Rxc3 Rb2 23. Rxc6 Bd8 24. g4 h5 25. h3 Rab8 26. Rd1 hxg4 27. hxg4 Ra2 28. d5 exd5 29. Nc3 Rxa5 30. Nxd5 Ra2 31. Nxc7 Bg5 32. Nd5 Rbb2 33. Bd4 Rg2+ 34. Kf1 Rg3 35. Rc3 Bc2 36. Re1 Ba4 37. Rb1 Rh3 38. Bg1 Rh1 39. Rc8+ Kh7 40. Rbb8 Ra1+ 41. Kf2 Ra2+ 42. Kf1 Bb5+ 0-1

[Event "43rd Rubinstein Memorial"]
[Site "Polanica Zdroj POL"]
[Date "2007.08.26"]
[Round "9"]
[White "Kuzubov, Yuriy"]
[Black "Buhmann, Rainer"]
[WhiteElo "2663"]
[BlackElo "2444"]
[Result "1-0"]
[EventDate "2007.08.18"]
[PlyCount "63"]
1. d4 d5 2. c4 c6 3. Nf3 Nf6 4. e3 e6 5. b3 Nbd7 6. Bb2 Ne4 7. Bd3 Bd6 8. O-O O-O 9. Qc2 f5 10. Ne5 Qf6 11. f4 Qe7 12. Nc3 Ndf6 13. c5 Bc7 14. b4 Bd7 15. a4 a6 16. Ra3 Kh8 17. Rb3 Bxe5 18. dxe5 Ng4 19. Qe2 Qh4 20. h3 Nh6 21. Qe1 Qe7 22. Ne2 g5 23. Bxe4 dxe4 24. fxg5 Qxg5 25. Qf2 Rad8 26. Rd1 Bc8 27. Rd6 Kg8 28. Nf4 Nf7 29. b5 Nxd6 30. exd6 axb5 31. axb5 e5 32. Bxe5 1-0

[Event "43rd Rubinstein Memorial"]
[Site "Polanica Zdroj POL"]
[Date "2007.08.26"]
[Round "9"]
[White "Socko, Bartosz"]
[Black "Czarnota, Pawel"]
[WhiteElo "2557"]
[BlackElo "2140"]
[Result "1/2-1/2"]
[EventDate "2007.08.18"]
[PlyCount "30"]
1. e4 c6 2. d4 d5 3. Nd2 dxe4 4. Nxe4 Bf5 5. Ng3 Bg6 6. h4 h6 7. Nf3 Nd7 8. h5 Bh7 9. Bd3 Bxd3 10. Qxd3 e6 11. Bf4 Qa5+ 12. Bd2 Bb4 13. c3 Be7 14. c4 Qc7 15. Ne4 Ngf6 1/2-1/2